| 000 | 01072nam#a2200325#a 4500 | ||
|---|---|---|---|
| 001 | vtls000283532 | ||
| 003 | NLI | ||
| 005 | 20210602125631.0 | ||
| 008 | 101203s1986 ii ac 001 0 eng | ||
| 020 | _cRs. 50.00 | ||
| 039 | 9 |
_y201012031843 _zVLOAD |
|
| 040 | 0 |
_aNLI _beng _cEntertech-FY 2010 _eAACR2 |
|
| 041 | 0 | _aeng | |
| 044 | _aii | ||
| 082 | 0 | 4 | _a954 |
| 100 | 1 |
_aGajra, Baldev T. _9438245 |
|
| 245 | 1 | 0 |
_aSind's role in the freedom struggle / _cby Baldev T. Gajra |
| 260 |
_aBombay : _bBharatvasi, _c1986 |
||
| 300 |
_a147 p. : _bill., port. ; _c22 cm. |
||
| 500 | _aIncludes index | ||
| 651 | 0 |
_aSindh (Pakistan) _xPolitics and government _9255433 |
|
| 651 | 0 |
_aIndia _xPolitics and government _y1857-1919 _97733 |
|
| 651 | 0 |
_aIndia _xPolitics and government _y1919-1947 _91352 |
|
| 887 | _a | ||
| 901 |
_a49940 _b24.9.1986 |
||
| 902 | _aE 954 G 129 s | ||
| 949 |
_AVIRTUAITEM _D10000 _X100 _6PUR000049940ENG |
||
| 942 |
_2ddc _cBKS |
||
| 999 |
_aVIRTUA40 _c242532 _d242532 |
||
| 999 | _aVTLSSORT0080*0200*0400*0410*0440*0820*1000*2450*2600*3000*5000*6510*6511*6512*9010*9020*9490*9991 | ||